Loading...
| Literature - American | 0 | 8 | 1 | 0 | 75 | 49 | 99.25 | 5 | 8 | 0.00 | 0.00 |
| History - Other | 0 | 6 | 0 | 0 | 60 | 98 | 108.17 | 0 | 4 | 0.00 | 0.00 |
| Literature - European | 0 | 7 | 2 | 0 | 60 | 84 | 99.29 | 5 | 7 | 0.00 | 0.00 |
| Literature - British | 0 | 6 | 0 | 0 | 60 | 59 | 102.17 | 4 | 6 | 0.00 | 0.00 |
| History - World | 0 | 6 | 1 | 1 | 55 | 77 | 101.17 | 4 | 5 | 0.00 | 0.00 |
| Philosophy | 0 | 6 | 1 | 1 | 55 | 87 | 100.17 | 1 | 6 | 0.00 | 0.00 |
| Fine Arts - Classical Music | 0 | 5 | 0 | 0 | 50 | 46 | 89.80 | 2 | 4 | 0.00 | 0.00 |
| History - American | 0 | 5 | 0 | 1 | 50 | 71 | 93.20 | 2 | 4 | 0.00 | 0.00 |
| Literature - World | 0 | 5 | 0 | 0 | 50 | 84 | 105.60 | 3 | 5 | 0.00 | 0.00 |
| Fine Arts - Painting and Sculpture | 0 | 5 | 1 | 1 | 45 | 101 | 116.40 | 0 | 4 | 0.00 | 0.00 |
| Science - Physics | 0 | 4 | 0 | 1 | 40 | 35 | 74.00 | 3 | 4 | 0.00 | 0.00 |
| History - European | 0 | 4 | 1 | 2 | 35 | 72 | 119.25 | 0 | 3 | 0.00 | 0.00 |
| Fine Arts - Other | 0 | 2 | 0 | 0 | 20 | 85 | 94.00 | 0 | 2 | 0.00 | 0.00 |
| Religion | 0 | 2 | 1 | 0 | 15 | 116 | 116.50 | 0 | 1 | 0.00 | 0.00 |
| Mythology | 0 | 2 | 1 | 0 | 15 | 103 | 104.00 | 1 | 2 | 0.00 | 0.00 |
| Science - Chemistry | 0 | 2 | 1 | 0 | 15 | 105 | 111.50 | 1 | 2 | 0.00 | 0.00 |
| Science - Biology | 0 | 1 | 0 | 0 | 10 | 40 | 40.00 | 1 | 1 | 0.00 | 0.00 |
| Science - Other | 0 | 1 | 0 | 1 | 10 | 90 | 90.00 | 0 | 1 | 0.00 | 0.00 |
| Other Academic | 0 | 1 | 0 | 0 | 10 | 108 | 108.00 | 1 | 1 | 0.00 | 0.00 |
| Geography | 0 | 1 | 0 | 0 | 10 | 91 | 91.00 | 1 | 1 | 0.00 | 0.00 |
| Social Science | 0 | 1 | 1 | 0 | 5 | 87 | 87.00 | 1 | 1 | 0.00 | 0.00 |